000 00287nam a22001337a 4500
008 180302b xxu||||| |||| 00| 0 eng d
020 _a9780076052752
041 _aeng
080 _a510
100 _a36
101 _aMAT
245 _aEveryday Mathematics
_cBell, M
942 _2udc
_cBK
999 _c44070
_d44070